书目信息 |
| 题名: |
城市景观设计
|
|
| 作者: | 张建涛 , 卫红 主编 | |
| 分册: | ||
| 出版信息: | 北京 中国水利水电出版社 2008.01 |
|
| 页数: | 174页 | |
| 开本: | 28cm | |
| 丛书名: | ||
| 单 册: | ||
| 中图分类: | TU-856 | |
| 科图分类: | ||
| 主题词: | 城市--cheng shi--景观--环境设计--高等学校--教材 | |
| 电子资源: | ||
| ISBN: | 978-7-5084-4653-0 | |
| 000 | 01005nam0 2200253 450 | |
| 001 | 012008100358 | |
| 005 | 20230511153441.34 | |
| 010 | @a978-7-5084-4653-0@dCNY42.00 | |
| 100 | @a20080419d2008 em y0chiy0120 ea | |
| 101 | 0 | @achi |
| 102 | @aCN@b110000 | |
| 105 | @aa a 000yy | |
| 200 | 1 | @a城市景观设计@Acheng shi jing guan she ji@f张建涛, 卫红主编@Fzhang jian tao,wei hong zhu bian |
| 210 | @a北京@c中国水利水电出版社@d2008.01 | |
| 215 | @a174页@c图@d28cm | |
| 300 | @a现代艺术设计类“十一五”规划教材:景观(园林)设计 | |
| 320 | @a有书目 (第173页) | |
| 330 | @a本书主要阐述了城市景观的总体理论,探讨了城市景观的含义、组成要素等几个方面的内容;讨论了城市景观的六项基本类型,包括城市建筑、道路、绿地、广场、水景及城市照明景观设计理论与方法。 | |
| 606 | 0 | @a城市@Acheng shi@x景观@x环境设计@x高等学校@j教材 |
| 690 | @aTU-856@v4 | |
| 701 | 0 | @a张建涛@Azhang jian tao@4主编 |
| 701 | 0 | @a卫红@Awei hong@4主编 |
| 801 | 0 | @aCN@b河南城建学院图书馆@c20080419 |
| 905 | @b292965-67@dTU-856@eZ126@f3 | |
| 城市景观设计/张建涛, 卫红主编.-北京:中国水利水电出版社,2008.01 |
| 174页:图;28cm |
| 现代艺术设计类“十一五”规划教材:景观(园林)设计 |
| ISBN 978-7-5084-4653-0:CNY42.00 |
| 本书主要阐述了城市景观的总体理论,探讨了城市景观的含义、组成要素等几个方面的内容;讨论了城市景观的六项基本类型,包括城市建筑、道路、绿地、广场、水景及城市照明景观设计理论与方法。 |
| ● |
| 相关链接 |
|
|
|
正题名:城市景观设计
索取号:TU-856/Z126
 
预约/预借
| 序号 | 登录号 | 条形码 | 馆藏地/架位号 | 状态 | 备注 |
| 1 | 1506055 | 215060555 | 建筑与城市规划学院资料室/ [索取号:TU-856/Z126] | 在馆 | |
| 2 | 1506056 | 215060564 | 建筑与城市规划学院资料室/ [索取号:TU-856/Z126] | 在馆 | |
| 3 | 292965 | 202929652 | 建筑库101/101建筑库 19排2列1层/ [索取号:TU-856/Z126] | 在馆 | |
| 4 | 292966 | 202929661 | 建筑库101/101建筑库 19排2列1层/ [索取号:TU-856/Z126] | 在馆 | |
| 5 | 292967 | 202929670 | 建筑库101/101建筑库 19排2列1层/ [索取号:TU-856/Z126] | 在馆 |